000 00521nam a2200193Ii 4500
003 JO-AjNU
008 230606s9999||||xx |||||||||||||| ||und||
020 _a0-534-62991-1
040 _aJO-AjNU
_beng
_erda
_cJO-AjNU
041 _aeng
050 1 4 _aKf9219.S26.2005
100 3 _aSamaha ، Joel,
_eauthor
_91688
245 0 0 _aCriminal Law
264 3 1 _aCanada : Thomson Wadsworth ، 2005
300 _a536p
336 _atext
_btxt
_2rdacontent
337 _aunmediated
_bn
_2rdamedia
338 _avolume
_bnc
_2rdacarrier
999 _aE888
_c888
_d888